000 02173nam a2200193Ia 4500
008 220216s9999 xx 000 0 und d
100 _aOkore I K
245 0 _aImpact of creeping vegetable cover crops on weed flora composition during the early growth of Hevea (Natural Rubber) samplings in a tropical rain forest zone
260 _bJournal of the Rubber Research Institute of Sri Lanka
_c2009
300 _a33-45
520 _aWeed management is amongst the most expensive agronomic practice in immature rubber plantation. Field experiment was conducted during the rainy seasons of 2004 and 2005 at the Rubber Research Institute of Nigeria. The purpose was to assess the impact of some creeping economic vegetable crops (vegetable cowpea-Vigna unguiculata L. Walp. ssp sesquipedallis, Egusi melon-Cucumeropsis manni Naaud, Fluted pumpkin-Telfairia occidentalis Hook. F and Pumpkin-Cucumbita pepo) compared to the conventional cover crop (Centrosema pubescens) on weed flora composition when grown with rubber saplings. The experiment was laid out in a randomized complete block design with four replications. Weed flora comprising of 33 species under 17 plant families was observed across the field. Panicum maximum, Elusine indica, Brachiaria lata and other grass and sedge species like Talinum triangulare, Peporomia pellucida, Acalypha cillata and other broad leave weeds dominated in creeping vegetable crop plots, except the Telfairia plot which has weed flora closely similar to those of the conventional cover crop plots. The weed spectrum, density and dry matter weight were significantly lower in the Curcubita pepo and Cowpea plots compared to the conventional cover crop plots. The effect of the cover crops on the plant height and stem girth did not differ significantly within the first 12 months. Thus, it could be said that with the exception of the Telfairia occidentalis, the creeping vegetable crops could be importance for the control of noxious weed flora in immature rubber.
650 _aDensity
650 _aGrowth performance
650 _aIntercrop
650 _aSpecies
650 _aSpectrum
700 _aAkpobome F A
942 _cJS
999 _c60730
_d60730